| 000 -ლიდერი |
| ფიქსირებული სიგრძის საკონტროლო ველი |
01370nam a2200205Ia 4500 |
| 001 - საკონტროლო ნომერი |
| საკონტროლო ველი |
5142 |
| 003 - საკონტროლო ნომრის იდენტიფიკატორი |
| საკონტროლო ველი |
GE_BSU |
| 005 - ბოლო ოპერაციის თარიღი და დრო |
| საკონტროლო ველი |
20190627185104.0 |
| 008 - ფიქსირებული სიგრძის მონაცემთა ელემენტები - ზოგადი ინფორმაცია |
| ფიქსირებული სიგრძის საკონტროლო ველი |
181216s1973||||ge |||||||||||||| ||geo|| |
| 080 ## - უნივერსალური ათობითი კლასიფიკაციის ინდექსი |
| Universal Decimal Classification number |
621.35(075.8)+621.351+620.193 ა-24 |
| 100 ## - მთავარი ჩანაწერი - პიროვნების სახელი |
| Personal name |
აგლაძე, რ. |
| 9 (RLIN) |
3004 |
| 245 ## - ცნობა სათაურის შესახებ |
| Title |
გამოყენებითი ელექტროქიმია:დენის ქიმიური წყაროების,ლითონთა კოროზიისა და გალვანოტექნიკის ლაბორატორიული პრაქტიკუმი |
| Remainder of title |
სახელმძღვ. / |
| Statement of responsibility, etc |
რ. აგლაძე ; ნ. ჰოფმანი ; რედ : ა.ავალიანი. |
| 264 ## - წარმოების, გამოცემის, დისტრიბუციის და სხვა ცნობები |
| გამოცემის, წარმოების, დისტრიბუციის... ადგილი |
თბილისი : |
| გამოცემის, წარმოების, დისტრიბუციის... სახელწოდება |
განათლება, |
| გამოცემის, წარმოების, დისტრიბუციის... თარიღი |
1973. |
| 300 ## - ფიზიკური აღწერა |
| Extent |
366 გვ .: |
| Other physical details |
ილ; |
| Dimensions |
22 სმ. |
| 653 ## - INDEX TERM--UNCONTROLLED |
| Uncontrolled term |
გამოყენებითი ელექტროქიმია |
| 653 ## - INDEX TERM--UNCONTROLLED |
| Uncontrolled term |
დენის ქიმიური წყაროების,ლითონთა კოროზიისა და გალვანოტექნიკის ლაბორატორიული პრაქტიკუმი |
| 700 ## - ADDED ENTRY--PERSONAL NAME |
| Personal name |
ჰოფმანი, ნ. |
| 9 (RLIN) |
3005 |
| 700 ## - ADDED ENTRY--PERSONAL NAME |
| Personal name |
ავალიანი, ა |
| Relator term |
რედაქტორი |
| 9 (RLIN) |
3006 |
| 942 ## - ADDED ENTRY ELEMENTS (KOHA) |
| Koha item type |
წიგნი |
| Source of classification or shelving scheme |
|